Normal view
MARC view
- ادارة اعمال-تخطيط استراتيجي
Entry Topical Term
001 - CONTROL NUMBER
- control field: 29827
003 - CONTROL NUMBER IDENTIFIER
- control field: JO-AjAnu
005 - DATE AND TIME OF LATEST TRANSACTION
- control field: 20230606075035.0
008 - FIXED-LENGTH DATA ELEMENTS
- fixed length control field: 230606|| aca||aabn | a|a d
040 ## - CATALOGING SOURCE
- Original cataloging agency: JO-AjAnu
- Transcribing agency: JO-AjAnu
150 ## - HEADING--TOPICAL TERM
- Topical term or geographic name entry element: ادارة اعمال-تخطيط استراتيجي
670 ## - SOURCE DATA FOUND
- Source citation: Work cat.: (JO-AjAnu)15315: ادريس،وائل محمد صبحي/الغالبي،طاهر محسن منصور, author 29826, توجيه الاداء الاستراتيجي :الرصف والمحاذاة